| 000 | 00489nam a22001577a 4500 | ||
|---|---|---|---|
| 003 | NUST | ||
| 038 | _aMr. Zahoor | ||
| 082 | _a620.005 | ||
| 100 |
_aMuhammad Durab _915390 |
||
| 245 |
_aImportance of motivational factors among Engineers and Medical doctors in Rawalpindi/Islamabad Pakistan 2014 / _cMuhammad Durab |
||
| 260 |
_aIslamabad : _bCEME - NUST, _c2014. |
||
| 300 | _a80 p. ; | ||
| 500 | _aHardcover. | ||
| 650 |
_aEngineering Management - MS Thesis _916065 |
||
| 942 |
_2ddc _cTHE |
||
| 999 |
_c524587 _d524587 |
||